[Event "Hastings Masters"]
[Site "?"]
[Date "2009.12.29"]
[Round "2.38"]
[White "Kirk, Jason"]
[Black "Rayner, Francis"]
[Result "0-1"]
[WhiteElo "1994"]
[BlackElo "2153"]
[PlyCount "180"]
[EventDate "2009.12.29"]
[SourceDate "2009.12.29"]

1. d4 Nf6 2. Nf3 d6 3. Nc3 Bf5 4. Bg5 Nbd7 5. Nh4 Bg4 6. h3 Bh5 7. g4 Bg6 8.
Bg2 e6 9. e4 Be7 10. Nxg6 hxg6 11. Be3 c6 12. Qd2 Nb6 13. b3 d5 14. e5 Nfd7 15.
O-O c5 16. f4 cxd4 17. Bxd4 Rh4 18. f5 gxf5 19. Bf2 g6 20. Bxh4 Bxh4 21. gxf5
gxf5 22. Qh6 Bg3 23. Bxd5 Nxd5 24. Nxd5 exd5 25. Rxf5 Qb6+ 26. Qxb6 axb6 27.
Raf1 Bxe5 28. Rxf7 Rxa2 29. R7f5 Ke7 30. c4 d4 31. Re1 Kd6 32. h4 d3 33. Rd1 d2
34. h5 Ke6 35. Rf3 Nf6 36. h6 Kf7 37. Kf1 Kg6 38. Ke2 Ne4 39. Rg1+ Ng5 40. Rff1
Kxh6 41. Kd3 Kg6 42. Rf8 Bf6 43. Rf1 Bg7 44. Rd8 Nf3 45. Ke3 Ne1 46. Rd6+ Kh7
47. Rf7 Ng2+ 48. Ke2 d1=Q+ 49. Kxd1 Ne3+ 50. Kc1 Ra1+ 51. Kd2 Rd1+ 52. Kxe3
Rxd6 53. Rxb7 Kg6 54. b4 Bd4+ 55. Ke4 Bg1 56. c5 bxc5 57. bxc5 Bxc5 58. Rb5 Bb6
59. Ke5 Rf6 60. Ke4 Bc7 61. Kd4 Re6 62. Kd5 Kf6 63. Rb7 Be5 64. Rd7 Bf4 65. Rd8
Re5+ 66. Kc4 Be3 67. Rf8+ Ke7 68. Ra8 Kd6 69. Ra6+ Kc7 70. Rg6 Bc5 71. Rg8 Bd6
72. Kd4 Rh5 73. Ke4 Kc6 74. Rc8+ Bc7 75. Ra8 Rh4+ 76. Kd3 Kd5 77. Ra7 Rh3+ 78.
Ke2 Bd6 79. Ra5+ Bc5 80. Ra8 Bd4 81. Rd8+ Ke4 82. Re8+ Be5 83. Ra8 Rh2+ 84. Kf1
Bf4 85. Kg1 Rb2 86. Ra4+ Kf3 87. Ra3+ Be3+ 88. Kh1 Re2 89. Ra8 Re1+ 90. Kh2
Bf4+ 0-1

[Event "Hastings Masters"]
[Site "?"]
[Date "2009.12.29"]
[Round "2.39"]
[White "Ledger, David J"]
[Black "Doran, Chris"]
[Result "0-1"]
[WhiteElo "2227"]
[BlackElo "1963"]
[PlyCount "88"]
[EventDate "2009.12.29"]
[SourceDate "2009.12.29"]

1. e4 c5 2. Nf3 d6 3. d4 cxd4 4. Nxd4 Nf6 5. Nc3 g6 6. Be3 Bg7 7. f3 O-O 8. Qd2
Nc6 9. Bc4 Bd7 10. O-O-O Rc8 11. Bb3 Ne5 12. Kb1 b5 13. g4 b4 14. Nce2 a5 15.
g5 Nh5 16. Ng3 a4 17. Bd5 e6 18. Nxh5 gxh5 19. f4 Ng4 20. Bb7 Nxe3 21. Qxe3 Rc5
22. Ba6 Qb6 23. Be2 Rfc8 24. Rd3 Rc4 25. Nf5 Qxe3 26. Nxe3 Rxe4 27. Bf3 Rxf4
28. Bxh5 d5 29. Ng4 Rcc4 30. Rg1 Kf8 31. h3 Rcd4 32. Re3 Rde4 33. Rxe4 dxe4 34.
Kc1 Ke7 35. Ne3 Bd4 36. Re1 Bb5 37. Bg4 Rf2 38. Nd1 Rf4 39. Ne3 Ba6 40. Ng2 Rf1
41. Bd1 Rxe1 42. Nxe1 Be3+ 43. Kb1 Bd2 44. Ng2 Bf1 0-1

[Event "Hastings Masters"]
[Site "?"]
[Date "2009.12.29"]
[Round "2.40"]
[White "Tari, Aryan"]
[Black "Green, Andrew D"]
[Result "0-1"]
[WhiteElo "1932"]
[BlackElo "2151"]
[PlyCount "92"]
[EventDate "2009.12.29"]
[SourceDate "2009.12.29"]

1. e4 Nf6 2. e5 Nd5 3. c4 Nb6 4. d4 d6 5. exd6 exd6 6. Bd3 Nc6 7. Ne2 Nb4 8.
Nbc3 Nxd3+ 9. Qxd3 Be7 10. Bf4 c6 11. O-O-O O-O 12. h4 Be6 13. d5 cxd5 14. cxd5
Bd7 15. f3 Na4 16. g4 Rc8 17. Kb1 Qb6 18. Nxa4 Bxa4 19. Rc1 Bb5 20. Qd2 Qf2 21.
Nd4 Qxd2 22. Bxd2 Bd3+ 23. Ka1 g6 24. g5 Rfe8 25. Rhe1 Kf8 26. b3 Rc5 27. Rc3
Rxc3 28. Bxc3 Rc8 29. Bb2 Rc5 30. Rd1 Ba6 31. Rc1 Ke8 32. Rxc5 dxc5 33. Nc2 Bd6
34. Ne3 Be2 35. Nc4 Bg3 36. Be5 Bxh4 37. Nd6+ Kd7 38. Nxb7 Bf2 39. f4 Bf3 40.
Bd6 Bd4+ 41. Kb1 Be4+ 42. Kc1 Be3+ 43. Kd1 Bxd5 44. Bxc5 Bxf4 45. Na5 a6 46.
Nc4 Bxc4 0-1

[Event "Hastings Masters"]
[Site "?"]
[Date "2009.12.29"]
[Round "2.41"]
[White "Chowdhury, Sohel"]
[Black "Hoare, Amy"]
[Result "1/2-1/2"]
[WhiteElo "2194"]
[BlackElo "1797"]
[PlyCount "111"]
[EventDate "2009.12.29"]
[SourceDate "2009.12.29"]

1. e4 e5 2. Nf3 Nc6 3. Nc3 Nf6 4. Bb5 Bc5 5. d3 d6 6. h3 a6 7. Bxc6+ bxc6 8.
Be3 Bxe3 9. fxe3 O-O 10. Ne2 Re8 11. g4 d5 12. Ng3 h6 13. Qd2 dxe4 14. dxe4
Qxd2+ 15. Kxd2 Bb7 16. Kc3 c5 17. Nd2 Rad8 18. Rh2 Re6 19. b3 Kf8 20. Rf1 Kg8
21. Rhf2 Rd7 22. a4 Kf8 23. Rf5 Kg8 24. R1f2 Kf8 25. Nc4 Nxe4+ 26. Nxe4 Bxe4
27. Rxe5 Rxe5 28. Nxe5 Re7 29. Nd3 Bxd3 30. Kxd3 Re5 31. e4 Ke7 32. Rf5 Ke6 33.
Ke3 g6 34. Rf2 f5 35. gxf5+ gxf5 36. Rf4 fxe4 37. Rxe4 Kf5 38. Rxe5+ Kxe5 39.
c3 a5 40. Kf3 Kf5 41. Ke3 Ke5 42. Kd3 Kd5 43. h4 h5 44. Kc2 Ke4 45. Kd2 Kd5 46.
Ke3 Ke5 47. Kd2 Kd6 48. Kc2 Kc6 49. Kb2 Kb6 50. Kb1 Kb7 51. Kc1 Kc6 52. Kc2 Kd6
53. Kd2 Ke6 54. Ke2 Kd6 55. Kf3 Ke5 56. Ke3 1/2-1/2

[Event "Hastings Masters"]
[Site "?"]
[Date "2009.12.29"]
[Round "2.42"]
[White "Gregory, Stephen J"]
[Black "Marusenko, Petr"]
[Result "0-1"]
[WhiteElo "2126"]
[BlackElo "2264"]
[PlyCount "98"]
[EventDate "2009.12.29"]
[SourceDate "2009.12.29"]

1. e4 c6 2. d4 d5 3. Nc3 dxe4 4. Nxe4 Bf5 5. Ng3 Bg6 6. Nf3 Nd7 7. Be2 e6 8.
O-O Ngf6 9. Bd2 Qc7 10. c4 Be7 11. Bc3 O-O 12. Rc1 Rfd8 13. Qe1 c5 14. b4 cxb4
15. Bxb4 Bxb4 16. Qxb4 Nb8 17. Rfd1 Nc6 18. Qb2 Qb6 19. Qc3 Rd7 20. Rd2 Rad8
21. Rcd1 Ne4 22. Nxe4 Bxe4 23. c5 Qc7 24. Ng5 Bf5 25. g4 Bxg4 26. d5 Rxd5 27.
Rxd5 exd5 28. Qc2 Bxe2 29. Qxe2 h6 30. Nh3 Qe5 31. Qg4 d4 32. Nf4 Qg5 33. Qg3
Ne5 34. Qxg5 hxg5 35. Nd3 Nxd3 36. Rxd3 f6 37. Kf1 Kf7 38. Ke2 Ke6 39. Ra3 a6
40. Rb3 Rd7 41. Rb6+ Kd5 42. c6 bxc6 43. Rxa6 Rb7 44. a4 Rb2+ 45. Ke1 c5 46. a5
c4 47. Ra7 c3 48. Rxg7 Rb1+ 49. Ke2 c2 0-1

[Event "Hastings Masters"]
[Site "?"]
[Date "2009.12.29"]
[Round "2.44"]
[White "Jaunooby, Ali R"]
[Black "Calvert, D Ian"]
[Result "1-0"]
[WhiteElo "2171"]
[BlackElo "2070"]
[PlyCount "65"]
[EventDate "2009.12.29"]
[SourceDate "2009.12.29"]

1. d4 d5 2. c4 c6 3. Nf3 Nf6 4. Nc3 dxc4 5. a4 Bf5 6. Nh4 Bc8 7. e3 Bg4 8. Qc2
e6 9. Bxc4 Nd5 10. Nf3 Nd7 11. e4 Bxf3 12. gxf3 Nb4 13. Qd1 e5 14. d5 Nb6 15.
Bb3 a5 16. Be3 cxd5 17. exd5 Rc8 18. Qe2 Nd7 19. f4 f6 20. Rg1 g6 21. f5 Nc5
22. Bc4 Bd6 23. Rd1 Rg8 24. Kf1 Qe7 25. Qg4 Kf7 26. Qh3 g5 27. Qxh7+ Rg7 28.
Qh5+ Kg8 29. Qg4 Nc2 30. Rd2 Nxe3+ 31. fxe3 e4 32. Rd4 Be5 33. d6+ 1-0

[Event "Hastings Masters"]
[Site "?"]
[Date "2009.12.29"]
[Round "2.45"]
[White "O'Toole, George E"]
[Black "Campbell, Eoin"]
[Result "0-1"]
[WhiteElo "2146"]
[BlackElo "1910"]
[PlyCount "100"]
[EventDate "2009.12.29"]
[SourceDate "2009.12.29"]

1. e4 d6 2. d4 Nf6 3. Nc3 g6 4. Be3 Bg7 5. Qd2 O-O 6. O-O-O c6 7. Bh6 b5 8. Bd3
Qa5 9. a3 Bxh6 10. Qxh6 b4 11. axb4 Qxb4 12. Nge2 Nbd7 13. h4 Ng4 14. Qf4 h5
15. Rdf1 e5 16. dxe5 Ndxe5 17. Qd2 Nxd3+ 18. Qxd3 a5 19. Qd4 Ba6 20. Rd1 c5 21.
Qxd6 Bxe2 22. Nxe2 Nxf2 23. Nc3 Rab8 24. Qf4 Qxb2+ 25. Kd2 Rfd8+ 26. Nd5 Qb4+
27. Ke3 Rxd5 28. exd5 Ng4+ 29. Kf3 Qc3+ 30. Rd3 Qxc2 31. Qd2 Ne5+ 32. Ke4 Qxd3+
33. Qxd3 Nxd3 34. Kxd3 Rb4 35. g3 Rd4+ 36. Ke3 Rxd5 37. Ra1 c4 38. Ra4 Rd3+ 39.
Kf4 c3 40. Rxa5 Rd4+ 41. Ke3 Rc4 42. Ra1 c2 43. Kd2 c1=Q+ 44. Rxc1 Rxc1 45.
Kxc1 Kg7 46. Kd2 Kf6 47. Ke3 Kf5 48. Kf3 f6 49. Kf2 Kg4 50. Kg2 f5 0-1

[Event "Hastings Masters"]
[Site "?"]
[Date "2009.12.29"]
[Round "2.47"]
[White "Safarian, Alek"]
[Black "Nomat, Emil-Lion"]
[Result "1-0"]
[WhiteElo "2018"]
[BlackElo "1809"]
[PlyCount "47"]
[EventDate "2009.12.29"]
[SourceDate "2009.12.29"]

1. d4 c5 2. d5 e6 3. dxe6 fxe6 4. c4 Nf6 5. Nc3 Be7 6. g3 O-O 7. Bg2 Na6 8. e4
Nb4 9. a3 Nc6 10. Nge2 Ng4 11. O-O Nge5 12. b3 Nf3+ 13. Kh1 d6 14. Be3 Bf6 15.
Bxf3 Bxc3 16. Nxc3 Qf6 17. Bg4 Qxc3 18. Qxd6 Rd8 19. Qxc5 e5 20. Rac1 Qxb3 21.
Rb1 Qa4 22. Bxc8 Raxc8 23. Rxb7 Na5 24. Qxa7 1-0

[Event "Hastings Masters"]
[Site "?"]
[Date "2009.12.29"]
[Round "2.48"]
[White "Sanders, Isaac B"]
[Black "McDonnell, James J"]
[Result "1-0"]
[WhiteElo "1777"]
[BlackElo "2014"]
[PlyCount "109"]
[EventDate "2009.12.29"]
[SourceDate "2009.12.29"]

1. e4 c5 2. Nf3 Nc6 3. d4 cxd4 4. Nxd4 Nf6 5. Nc3 d6 6. Be3 Ng4 7. Bb5 Nxe3 8.
Nxc6 Nxd1 9. Nxd8+ Kxd8 10. Rxd1 e6 11. O-O a6 12. Be2 Kc7 13. f4 Be7 14. Rd3
Bd7 15. Rfd1 Bc6 16. Bf3 Rad8 17. Re1 Rhe8 18. Kh1 Bh4 19. g3 Be7 20. h4 Bf8
21. Kg2 Be7 22. Kh3 h6 23. Rde3 Bf8 24. a4 b6 25. b4 Bb7 26. b5 a5 27. f5 Be7
28. fxe6 fxe6 29. Bh5 Rf8 30. Bg4 Bc8 31. Ne2 Bf6 32. Nf4 Rfe8 33. Ng6 Bd4 34.
Rf3 Bf6 35. Bh5 e5+ 36. Bg4 Kb7 37. Rd1 Bxg4+ 38. Kxg4 Rd7 39. Rfd3 Rc8 40.
Rxd6 Rxd6 41. Rxd6 Rxc2 42. Kf5 Rf2+ 43. Ke6 Re2 44. Ne7 Rxe4 45. Rd7+ Kb8 46.
Rd8+ Kb7 47. Rd7+ Kb8 48. Nc6+ Kc8 49. Na7+ Kb8 50. Nc6+ Kc8 51. Kd6 Rd4+ 52.
Nxd4 exd4 53. Kc6 g5 54. hxg5 hxg5 55. Rd5 1-0

[Event "Hastings Masters"]
[Site "?"]
[Date "2009.12.29"]
[Round "2.50"]
[White "Young, Mel J"]
[Black "Macrae, James S"]
[Result "1-0"]
[WhiteElo "1971"]
[BlackElo "1753"]
[PlyCount "107"]
[EventDate "2009.12.29"]
[SourceDate "2009.12.29"]

1. e4 Nc6 2. d4 d5 3. Nc3 dxe4 4. d5 Ne5 5. Bf4 Ng6 6. Bg3 c6 7. dxc6 Qxd1+ 8.
Rxd1 bxc6 9. Nxe4 e5 10. Nd6+ Bxd6 11. Rxd6 N8e7 12. Nf3 f6 13. Bc4 Bb7 14. O-O
Rd8 15. Rxd8+ Kxd8 16. Nd2 Nd5 17. Re1 Kc7 18. f3 Rd8 19. Ne4 Nge7 20. Bf2 Kb8
21. Bc5 Nc8 22. Rd1 Ncb6 23. Bb3 Kc8 24. Nd6+ Rxd6 25. Bxd6 a5 26. c3 a4 27.
Bc2 Nc4 28. Bf5+ Kd8 29. Bc5 g6 30. Be4 Kc7 31. Bxd5 cxd5 32. b3 axb3 33. axb3
Na5 34. Rb1 Bc6 35. Kf2 Kd7 36. Bb4 Nb7 37. Ra1 Nd8 38. Ke3 Nb7 39. Kd2 Nd8 40.
Ba5 Nb7 41. Bb6 Nd6 42. Kc2 Nb5 43. c4 Nd6 44. cxd5 Bxd5 45. Ra7+ Kc6 46. Bf2
h5 47. Rg7 Bf7 48. b4 g5 49. Bc5 Be8 50. Ra7 Nb7 51. Ra6+ Kd5 52. Be7 e4 53.
fxe4+ Kxe4 54. Rb6 1-0

[Event "Hastings Masters"]
[Site "?"]
[Date "2009.12.29"]
[Round "2.51"]
[White "Devoille, Hugo"]
[Black "Cumming, Rhys"]
[Result "0-1"]
[WhiteElo "1691"]
[BlackElo "1969"]
[PlyCount "90"]
[EventDate "2009.12.29"]
[SourceDate "2009.12.29"]

1. e4 c5 2. Nf3 Nc6 3. Bb5 g6 4. O-O Bg7 5. c3 e5 6. d4 cxd4 7. cxd4 exd4 8.
Bf4 Nge7 9. Bd6 O-O 10. a4 Re8 11. Nbd2 b6 12. Bc4 Na5 13. Ba2 Nb7 14. Bxf7+
Kf8 15. Bd5 Nxd6 16. Bxa8 Ba6 17. Re1 Qxa8 18. Qb3 Nf7 19. Qb4 d3 20. a5 Rb8
21. Qa4 Qc6 22. axb6 Rxb6 23. Reb1 Qxa4 24. Rxa4 Nc6 25. b3 Bb5 26. Ra2 a6 27.
h3 Nfe5 28. Nxe5 Bxe5 29. g3 Nd4 30. Re1 Bd6 31. Kg2 Bb4 32. Rb1 Ne2 33. Rbb2
Nc3 34. Ra1 a5 35. Kf3 Rc6 36. Ke3 Rf6 37. Nc4 Ba6 38. f4 Re6 39. Kxd3 Nxe4 40.
Rg2 d5 41. Raa2 dxc4+ 42. bxc4 Nc5+ 43. Kd4 Rd6+ 44. Ke5 Nd3+ 45. Ke4 Bb7+ 0-1

[Event "Hastings Masters"]
[Site "?"]
[Date "2009.12.29"]
[Round "2.52"]
[White "Gibson, Christopher A"]
[Black "Dean, Michael"]
[Result "1-0"]
[WhiteElo "1964"]
[BlackElo "1718"]
[PlyCount "107"]
[EventDate "2009.12.29"]
[SourceDate "2009.12.29"]

1. d4 Nf6 2. c4 g6 3. Nc3 Bg7 4. e4 d6 5. f3 O-O 6. Be3 Nbd7 7. Nh3 Re8 8. Qd2
e5 9. d5 Nf8 10. Nf2 Nh5 11. Nd3 c6 12. Rc1 Bd7 13. Be2 cxd5 14. cxd5 Bh8 15.
O-O f5 16. Bd1 f4 17. Bf2 Bf6 18. Ba4 Bxa4 19. Nxa4 b5 20. Nc3 a6 21. a4 bxa4
22. Nb4 Bh4 23. Nc6 Bxf2+ 24. Qxf2 Qf6 25. Nxa4 Nd7 26. Nb6 Nxb6 27. Qxb6 Qg7
28. Ra1 Nf6 29. Rxa6 Nd7 30. Qa5 Rxa6 31. Qxa6 Nc5 32. Qb6 Qb7 33. Qxb7 Nxb7
34. Ra1 Nc5 35. b4 Nb3 36. Ra7 Nd4 37. Kf2 Kh8 38. Ke1 Nb5 39. Ra5 Nd4 40. b5
Nb3 41. Ra7 Nc5 42. b6 Kg8 43. b7 Nxb7 44. Rxb7 Ra8 45. Rb8+ Rxb8 46. Nxb8 Kf7
47. Kd2 h5 48. Kd3 g5 49. h3 Kf6 50. Nc6 g4 51. hxg4 hxg4 52. fxg4 Kg5 53. Nxe5
dxe5 54. d6 1-0

[Event "Hastings Masters"]
[Site "?"]
[Date "2009.12.29"]
[Round "2.53"]
[White "Kirk, Ezra"]
[Black "O'Neil, Tom C"]
[Result "1-0"]
[WhiteElo "1919"]
[BlackElo "1523"]
[PlyCount "91"]
[EventDate "2009.12.29"]
[SourceDate "2009.12.29"]

1. d4 Nf6 2. c4 c5 3. d5 b5 4. cxb5 a6 5. bxa6 Bxa6 6. Nc3 d6 7. Nf3 g6 8. e4
Bg7 9. Bxa6 Rxa6 10. O-O O-O 11. h3 e5 12. Nd2 Nh5 13. Nc4 Nf4 14. Bxf4 exf4
15. Qg4 f5 16. Qxf4 g5 17. Qf3 f4 18. Rfe1 Nd7 19. a4 Ne5 20. Nxe5 Bxe5 21. Ra2
Qf6 22. Rb1 Qg6 23. Qg4 Kh8 24. Qe6 Qh5 25. Nb5 f3 26. Qg4 Qxg4 27. hxg4 Rb8
28. Nc7 Ra7 29. Ne6 h6 30. gxf3 c4 31. Kf1 c3 32. b4 Rf7 33. Ke2 Rc8 34. b5 c2
35. Rc1 Rc3 36. Rcxc2 Rcxf3 37. Kf1 Rb3 38. Rc8+ Kh7 39. Rc7 Rxc7 40. Nxc7 Rb4
41. a5 Rxe4 42. a6 Bd4 43. a7 Bxa7 44. Rxa7 Rxg4 45. b6 Kg6 46. Na6 1-0